| 000 | 00529nam a22001817a 4500 | ||
|---|---|---|---|
| 005 | 20251108165910.0 | ||
| 008 | 250721s1995 xx 000 0 ara d | ||
| 082 | 1 | 4 | _a232/ديد |
| 100 | 1 | _aديدات، أحمد | |
| 245 | 1 | 0 | _aمسألة صلب المسيح بين الحقيقة و الأوهام / |
| 264 | 1 |
_aعمان : _bدار الاسراء، _c1995. |
|
| 300 | _a116ص | ||
| 650 | 1 | 7 | _aالمسيح |
| 650 | 1 | 7 | _aالمسيحية |
| 700 | 1 |
_aنارد، جمال _eترجمة |
|
| 942 |
_2ddc _cBK |
||
| 999 |
_c34272 _d34272 |
||